[Event "DSOL 2021"]
[Site "Germany"]
[Date "2021.02.01"]
[Round "2.2"]
[White "Hein, Ralf"]
[Black "Ahlberg, Mario"]
[Result "1/2-1/2"]
[WhiteElo "2053"]
[BlackElo "1976"]
[Annotator "TA"]
[PlyCount "167"]
[EventDate "2021.01.18"]
[EventType "team-tourn"]
[EventCountry "GER"]
[SourceTitle "playchess.com"]
[Source "ChessBase"]
[SourceQuality "1"]

1. c4 c6 2. Nc3 d5 3. d4 Nf6 4. e3 a6 5. c5 Bg4 6. Be2 Bxe2 7. Ngxe2 Nbd7 8. O-O e5 9. Na4 e4 10. Bd2 Be7 11. Qb3 Rb8 12. Rac1 O-O 13. Nb6 Ne8 14. Ba5 Nxb6 15. Bxb6 Qd7 16. f3 exf3 17. Rxf3 f5 18. Rcf1 g6 19. Ng3 Nf6 20. Ba5 Rbe8 21. Bd2 Bd8 22. a4 Re6 23. Qc3 b6 24. cxb6 Bxb6 25. Qa3 Bc7 26. Bb4 Rfe8 27. Qd3 Ne4 28. Be1 c5 29. dxc5 Nxc5 30. Qd4 Nxa4 31. b3 Rxe3 32. Rxe3 Rxe3 33. Qxa4 Qxa4 34. bxa4 Ra3 35. a5 Bxa5 36. Bxa5 Rxa5 37. Rd1 Kf7 38. Ne2 Ke6 39. Nd4+ Kd6 40. Rd2 Ra3 41. Kf2 h6 42. Ke2 Kc5 43. Ne6+ Kd6 44. Nf4 g5 45. Nxd5 Ke5 46. Ne3 Rc3 47. Ra2 f4 48. Ng4+ Ke4 49. Nxh6 Rc6 50. Ng4 Kf5 51. h3 Re6+ 52. Kf2 Rb6 53. Nh2 Rd6 54. Nf3 Rb6 55. Ra5+ Ke4 56. Nxg5+ Kd3 57. Kf3 Kc4 58. Ne4 Kb4 59. Ra1 Rg6 60. h4 a5 61. h5 Rh6 62. Kg4 a4 63. Kg5 Re6 64. Nf6 Re2 65. h6 Rxg2+ 66. Kxf4 Rh2 67. Kg5 a3 68. Nh5 Rg2+ 69. Kf6 Rh2 70. Kg6 Rg2+ 71. Kh7 Kb3 72. Nf4 Rg4 73. Nd3 Rg3 74. Nc5+ Kb2 75. Rf1 a2 76. Na4+ Ka3 77. Ra1 Kb3 78. Kh8 Rg2 79. Nc5+ Kb2 80. Rf1 a1=Q 81. Rxa1 Kxa1 82. h7 Rh2 83. Ne6 Rxh7+ 84. Kxh7 1/2-1/2

[Event "DSOL 2021"]
[Site "Germany"]
[Date "2021.02.01"]
[Round "2.2"]
[White "Rebentisch, Tom"]
[Black "Michels, Achim"]
[Result "1-0"]
[WhiteElo "2021"]
[BlackElo "2163"]
[Annotator "TA"]
[PlyCount "63"]
[EventDate "2021.01.18"]
[EventType "team-tourn"]
[EventCountry "GER"]
[SourceTitle "playchess.com"]
[Source "ChessBase"]
[SourceQuality "1"]

1. d4 c5 2. d5 d6 3. c4 g6 4. e4 Bg7 5. Qc2 e6 6. Nc3 Ne7 7. Nf3 O-O 8. Bd3 a6 9. a4 exd5 10. cxd5 f5 11. O-O Nd7 12. Bg5 fxe4 13. Nxe4 Ne5 14. Nxe5 Bxe5 15. Rae1 Qc7 16. b4 Nf5 17. bxc5 dxc5 18. h3 b6 19. a5 b5 20. Nxc5 Qd6 21. Qa2 Kh8 22. Ne4 Qd7 23. Bd2 Rd8 24. Ng5 Bg7 25. Bxf5 Qxf5 26. d6 Rf8 27. Re7 h6 28. Rxg7 hxg5 29. Bc3 b4 30. Ba1 Be6 31. Re7+ Kg8 32. Qxe6+ 1-0

[Event "DSOL 2021"]
[Site "Germany"]
[Date "2021.02.01"]
[Round "2.2"]
[White "Soergel, Thomas"]
[Black "Melcher, Matthias"]
[Result "1/2-1/2"]
[WhiteElo "2019"]
[BlackElo "1975"]
[Annotator "TA"]
[PlyCount "142"]
[EventDate "2021.01.18"]
[EventType "team-tourn"]
[EventCountry "GER"]
[SourceTitle "playchess.com"]
[Source "ChessBase"]
[SourceQuality "1"]

1. c4 e5 2. Nc3 Nf6 3. g3 d6 4. Bg2 g6 5. Nf3 Bg7 6. O-O O-O 7. d4 Nbd7 8. b3 c6 9. Bb2 e4 10. Ng5 d5 11. cxd5 cxd5 12. e3 Nb6 13. Nh3 Bg4 14. Qd2 Rc8 15. Rfc1 Qd7 16. Nf4 g5 17. Nfe2 Bf3 18. h3 h5 19. Kh2 Qf5 20. Ng1 h4 21. Ba3 Rfe8 22. Nb5 Rxc1 23. Rxc1 Rd8 24. Rc7 g4 25. Nxf3 exf3 26. Bf1 Ne4 27. Qc2 Qh5 28. Be7 hxg3+ 29. fxg3 Re8 30. Rxb7 gxh3 31. Bxh3 Ng5 32. Bxg5 Qxg5 33. Qc7 Qg6 34. Rb8 Rxb8 35. Qxb8+ Bf8 36. Qf4 Qc2+ 37. Kg1 Qe2 38. Bf1 Qd1 39. Nc3 Qc2 40. Qg5+ Bg7 41. Nxd5 f2+ 42. Kg2 Qe4+ 43. Kxf2 Nxd5 44. Qd8+ Bf8 45. Qg5+ Bg7 46. Bc4 Qc2+ 47. Kf3 Qd1+ 48. Kf2 Nf6 49. Qf4 Ng4+ 50. Kg2 Qd2+ 51. Kf3 Nf6 52. a4 Qd1+ 53. Kg2 Qd2+ 54. Qf2 Qxf2+ 55. Kxf2 Ne4+ 56. Kf3 Nd2+ 57. Ke2 Nxc4 58. bxc4 Kf8 59. g4 Ke7 60. Kf3 Kd6 61. Ke4 Bh6 62. c5+ Kc6 63. Kd3 Bg5 64. e4 Bf4 65. Kc4 a6 66. d5+ Kc7 67. Kd4 f6 68. Kc4 Be3 69. Kb4 Bd2+ 70. Kc4 Be3 71. Kb4 Bd2+ 1/2-1/2

[Event "DSOL 2021"]
[Site "Germany"]
[Date "2021.02.05"]
[Round "2.2"]
[White "Grkinic, Goran"]
[Black "Machlin, Maxim"]
[Result "0-1"]
[WhiteElo "1978"]
[BlackElo "2007"]
[Annotator "TA"]
[PlyCount "74"]
[EventDate "2021.01.18"]
[EventType "team-tourn"]
[EventCountry "GER"]
[SourceTitle "playchess.com"]
[Source "ChessBase"]
[SourceQuality "1"]
[WhiteTeam "SG Arnstadt-Stadtilm"]
[BlackTeam "Biebertaler SF"]

1. d4 d5 2. c4 e6 3. Nc3 c6 4. Nf3 dxc4 5. a4 Bb4 6. Ne5 b5 7. g3 Bb7 8. Bg2 a6 9. O-O Nf6 10. Bg5 h6 11. Bxf6 gxf6 12. Nf3 Nd7 13. e3 Nb6 14. Nd2 Qc7 15. Nde4 Nd7 16. Qf3 f5 17. Nd2 Bxc3 18. bxc3 Rb8 19. Qe2 Nf6 20. e4 c5 21. exf5 Bxg2 22. Kxg2 cxd4 23. axb5 axb5 24. Rfe1 dxc3 25. Nf3 b4 26. fxe6 O-O 27. Qe3 Kg7 28. Nh4 Qc6+ 29. Kg1 fxe6 30. Ra7+ Rb7 31. Rea1 Rff7 32. R7a6 Qe4 33. Rxe6 Qxe3 34. Nf5+ Kh7 35. Nxe3 b3 36. Rc6 c2 37. Nxc4 Rfc7 0-1

[Event "DSOL 2021"]
[Site "Germany"]
[Date "2021.02.05"]
[Round "2.2"]
[White "Thomas, Tobias"]
[Black "Vidonyak, Nellya"]
[Result "1-0"]
[WhiteElo "1958"]
[BlackElo "2129"]
[Annotator "TA"]
[PlyCount "99"]
[EventDate "2021.01.18"]
[EventType "team-tourn"]
[EventCountry "GER"]
[SourceTitle "playchess.com"]
[Source "ChessBase"]
[SourceQuality "1"]
[WhiteTeam "SK Langen I"]
[BlackTeam "Bayern München II Amazonen"]

1. c4 d6 2. g3 g6 3. Bg2 e5 4. Nc3 Bg7 5. d3 c6 6. e4 Ne7 7. Nge2 Be6 8. O-O Qd7 9. f4 Na6 10. Be3 O-O 11. b3 exf4 12. Bxf4 d5 13. exd5 cxd5 14. Qd2 Rad8 15. Rad1 Bh3 16. Bxh3 Qxh3 17. Bg5 f6 18. Be3 dxc4 19. Nf4 Qc8 20. bxc4 Nc5 21. Ncd5 Rfe8 22. Nxe7+ Rxe7 23. Nd5 Re6 24. Bd4 Nd7 25. Qb2 Qc6 26. Qa3 Qa6 27. Qc3 Qd6 28. Rb1 b6 29. a4 Ne5 30. a5 bxa5 31. Qxa5 Nc6 32. Qc3 Nxd4 33. Qxd4 a5 34. Rb7 Qf8 35. Qa7 f5 36. Qxa5 Bd4+ 37. Kh1 Qe8 38. Qc7 Re1 39. Qxh7+ Kf8 40. Qh6+ Kg8 41. Qf4 Rxd5 42. cxd5 Rxf1+ 43. Qxf1 Qe5 44. Kg2 Qxd5+ 45. Qf3 Qa2+ 46. Kh3 Bg1 47. Rb8+ Kh7 48. Qb7+ Kh6 49. Rh8+ Kg5 50. Qe7# 1-0

[Event "DSOL 2021"]
[Site "Germany"]
[Date "2021.02.02"]
[Round "2.2"]
[White "Poetsch, Matthias"]
[Black "Brockhoff, Moritz"]
[Result "1/2-1/2"]
[WhiteElo "1903"]
[BlackElo "1985"]
[Annotator "TA"]
[PlyCount "54"]
[EventDate "2021.01.18"]
[EventType "team-tourn"]
[EventCountry "GER"]
[SourceTitle "playchess.com"]
[Source "ChessBase"]
[SourceQuality "1"]

1. d4 d5 2. c4 Bf5 3. Bf4 e6 4. Nc3 Nf6 5. Qb3 Nc6 6. Qxb7 Nxd4 7. O-O-O Rb8 8. Qxa7 Nc6 9. Qa4 Qd7 10. cxd5 exd5 11. f3 Bd6 12. Bxd6 Qxd6 13. e4 Bd7 14. Nxd5 Nxd5 15. Rxd5 Qf6 16. Bb5 O-O 17. Rxd7 Qg5+ 18. Rd2 Rxb5 19. Nh3 Qc5+ 20. Kb1 Rfb8 21. Rc1 Qe3 22. Qd1 Qa3 23. Qc2 Rxb2+ 24. Qxb2 Rxb2+ 25. Rxb2 Qd3+ 26. Ka1 f6 27. Rxc6 Qd1+ 1/2-1/2

[Event "DSOL 2021"]
[Site "Germany"]
[Date "2021.02.01"]
[Round "2.2"]
[White "Schmitt, Carsten"]
[Black "Heydari, Edwin"]
[Result "0-1"]
[WhiteElo "1901"]
[BlackElo "1705"]
[Annotator "TA"]
[PlyCount "106"]
[EventDate "2021.01.18"]
[EventType "team-tourn"]
[EventCountry "GER"]
[SourceTitle "playchess.com"]
[Source "ChessBase"]
[SourceQuality "1"]

1. c4 e5 2. g3 Nc6 3. Bg2 Bc5 4. Nc3 a6 5. e3 d6 6. Nge2 Ba7 7. d4 exd4 8. exd4 Nge7 9. O-O Nf5 10. Be3 O-O 11. Qd2 Re8 12. Rae1 Bd7 13. Nd5 Rb8 14. a3 b5 15. cxb5 axb5 16. Rc1 Rc8 17. b4 Nce7 18. Bg5 h6 19. Nxe7+ Nxe7 20. Bxe7 Qxe7 21. Nf4 c6 22. Rfe1 Qf6 23. Rxe8+ Bxe8 24. Bh3 Rd8 25. Ne2 c5 26. bxc5 dxc5 27. d5 Bc6 28. Nf4 g5 29. Nh5 Qg6 30. g4 Rxd5 31. Qa5 Rd7 32. Qc3 Rd6 33. Qa5 Qe4 34. Ng3 Qf4 35. Rf1 Rd7 36. Nh5 Qf3 37. Ng3 c4 38. Qe1 Rd3 39. Qe7 Rd1 40. Qxa7 Rxf1+ 41. Bxf1 Qxg4 42. Qb8+ Kh7 43. Be2 Qe6 44. Qd8 Be8 45. Kf1 f5 46. Qc7+ Kg8 47. Bf3 g4 48. Bg2 f4 49. Qxf4 c3 50. Qc1 Qb3 51. Ne2 c2 52. Nd4 Qd3+ 53. Kg1 Qd1+ 0-1

[Event "DSOL 2021"]
[Site "Germany"]
[Date "2021.02.02"]
[Round "2.2"]
[White "Probst, Alexander"]
[Black "Engert, Marvin"]
[Result "1/2-1/2"]
[WhiteElo "1891"]
[BlackElo "2000"]
[Annotator "TA"]
[PlyCount "103"]
[EventDate "2021.01.18"]
[EventType "team-tourn"]
[EventCountry "GER"]
[SourceTitle "playchess.com"]
[Source "ChessBase"]
[SourceQuality "1"]

1. e4 h5 2. d4 d6 3. f4 g6 4. Bc4 Bg7 5. Nf3 Nf6 6. Qe2 d5 7. exd5 Nxd5 8. O-O c6 9. Bb3 Na6 10. c4 Nf6 11. Nc3 O-O 12. Rd1 Bf5 13. h3 Qd7 14. Ne5 Qc7 15. Be3 Rad8 16. Rac1 Qb8 17. d5 c5 18. a3 Nd7 19. Nxd7 Bxd7 20. Bc2 Qc8 21. Be4 e6 22. Qf3 exd5 23. Bxd5 Bc6 24. Bxc6 bxc6 25. Qf2 Qf5 26. Na4 Rxd1+ 27. Rxd1 Rb8 28. Rd2 Qe4 29. Nxc5 Nxc5 30. Bxc5 Qxc4 31. Bxa7 Rxb2 32. Rxb2 Qc1+ 33. Kh2 Bxb2 34. a4 Qa1 35. Qc2 Bc3 36. Bb6 Qa3 37. Qe4 c5 38. f5 c4 39. Qxc4 Be5+ 40. Kh1 Qa1+ 41. Bg1 gxf5 42. Qc8+ Kg7 43. Qxf5 f6 44. Qd7+ Kg6 45. g4 hxg4 46. hxg4 Qf1 47. Qf5+ Qxf5 48. gxf5+ Kxf5 49. a5 Bb8 50. a6 Ke6 51. a7 Bxa7 52. Bxa7 1/2-1/2

[Event "DSOL 2021"]
[Site "Germany"]
[Date "2021.02.01"]
[Round "2.2"]
[White "Klaus, Christian"]
[Black "Bossy, Arnim"]
[Result "1/2-1/2"]
[WhiteElo "1858"]
[BlackElo "2170"]
[Annotator "TA"]
[PlyCount "198"]
[EventDate "2021.01.18"]
[EventType "team-tourn"]
[EventCountry "GER"]
[SourceTitle "playchess.com"]
[Source "ChessBase"]
[SourceQuality "1"]

1. e4 c5 2. Nc3 d6 3. g3 Nc6 4. Bg2 g6 5. d3 Bg7 6. Be3 Rb8 7. Qd2 b5 8. Nge2 b4 9. Nd1 Nd4 10. c3 bxc3 11. bxc3 Nxe2 12. Qxe2 Nf6 13. O-O O-O 14. h3 Qa5 15. Rc1 Ba6 16. c4 Nd7 17. f4 Qa3 18. Rc2 Rb1 19. Nf2 Rfb8 20. Bc1 Qa4 21. Kh2 Bb7 22. Ng4 Bc6 23. f5 Ne5 24. Nxe5 Bxe5 25. h4 Qa6 26. h5 gxf5 27. exf5 Bxg2 28. Qxg2 Qb7 29. Qxb7 R8xb7 30. Kg2 f6 31. g4 Kf7 32. Kf3 Rb8 33. Re1 a5 34. Rce2 a4 35. Ba3 e6 36. Rc1 Rxc1 37. Bxc1 Rb1 38. Rc2 a3 39. Bxa3 Rf1+ 40. Ke2 Rg1 41. Bc1 Rxg4 42. fxe6+ Kxe6 43. a4 Rh4 44. a5 Kd7 45. Kf3 Rxh5 46. Rg2 Rh1 47. Rg7+ Kc6 48. Be3 h5 49. Rh7 h4 50. a6 h3 51. a7 Ra1 52. Bf4 Kb6 53. Rxh3 Rxa7 54. Rh6 Kc6 55. Bxe5 fxe5 56. Ke4 Rg7 57. Kf3 Rg1 58. Rh7 Rf1+ 59. Ke3 Rf4 60. Kd2 Rd4 61. Kc3 e4 62. dxe4 Rxe4 63. Rh6 Rd4 64. Rg6 Kd7 65. Rh6 Rf4 66. Rg6 Ke7 67. Rh6 Rf6 68. Rh7+ Rf7 69. Rh6 Rf6 70. Rh7+ Ke6 71. Rh5 Rf3+ 72. Kc2 Rf5 73. Rh6+ Ke5 74. Rh3 Kd4 75. Rh4+ Ke5 76. Rh3 Rf4 77. Kc3 Ke4 78. Rh6 Rf3+ 79. Kd2 Kd4 80. Rh4+ Ke5 81. Rh1 Rf5 82. Kc3 d5 83. cxd5 Kxd5 84. Rd1+ Kc6 85. Rd8 Rf3+ 86. Kc4 Rf4+ 87. Kc3 Rh4 88. Rc8+ Kd6 89. Rd8+ Kc7 90. Re8 Rd4 91. Rh8 Kc6 92. Rc8+ Kb6 93. Rb8+ Kc7 94. Rh8 Rg4 95. Rf8 Rg1 96. Rh8 Rc1+ 97. Kd2 Rb1 98. Kc3 Kc6 99. Rc8+ Kd6 1/2-1/2

[Event "DSOL 2021"]
[Site "Germany"]
[Date "2021.02.03"]
[Round "2.2"]
[White "Spindel, Ulrich"]
[Black "Lindhauer, Thorben"]
[Result "1/2-1/2"]
[WhiteElo "1785"]
[BlackElo "1620"]
[Annotator "NA RC"]
[PlyCount "68"]
[EventDate "2021.01.18"]
[EventType "team-tourn"]
[EventCountry "GER"]
[SourceTitle "playchess.com"]
[Source "ChessBase"]
[SourceQuality "1"]

1. d4 d5 2. c4 e6 3. Nc3 Nf6 4. cxd5 exd5 5. Bg5 c6 6. e3 Be7 7. Bd3 O-O 8. Nge2 Nbd7 9. O-O Re8 10. Rc1 Nf8 11. a3 a5 12. Na4 Bg4 13. Qc2 Bxe2 14. Bxe2 Ne4 15. Bxe7 Rxe7 16. Nc5 f5 17. Nd3 Qd6 18. b4 axb4 19. axb4 Ng6 20. b5 cxb5 21. Qb2 f4 22. Nxf4 Nxf4 23. exf4 Qxf4 24. Bf3 Kh8 25. Bxe4 dxe4 26. Qxb5 Rf8 27. Rce1 Qd6 28. d5 Rd8 29. Rd1 h6 30. h3 Re5 31. Qxb7 Rxd5 32. Rde1 Qf4 33. Qe7 Rd4 34. Re3 Rf8 1/2-1/2

[Event "DSOL 2021"]
[Site "Germany"]
[Date "2021.02.05"]
[Round "2.2"]
[White "Kemper, Yannick"]
[Black "Koch, Moritz"]
[Result "1-0"]
[WhiteElo "1733"]
[BlackElo "1370"]
[Annotator "NA RC"]
[PlyCount "109"]
[EventDate "2021.01.18"]
[EventType "team-tourn"]
[EventCountry "GER"]
[SourceTitle "playchess.com"]
[Source "ChessBase"]
[SourceQuality "1"]
[WhiteTeam "SK Ludwigshafen I"]
[BlackTeam "SK Herzogenaurach I"]

1. e4 c5 2. Nf3 Nc6 3. d4 cxd4 4. Nxd4 Nf6 5. Nc3 e5 6. Ndb5 d6 7. Bg5 a6 8. Na3 b5 9. Bxf6 gxf6 10. Nd5 f5 11. Bd3 Be6 12. c3 Bg7 13. Nxb5 axb5 14. Bxb5 Bd7 15. exf5 O-O 16. O-O Rb8 17. a4 Qg5 18. Re1 Kh8 19. Qf3 e4 20. Rxe4 Ne5 21. Qe2 Bxf5 22. Rb4 Bg4 23. Qe3 Qg6 24. Nf4 Qf6 25. Nd5 Qe6 26. Nf4 Qc8 27. h3 Be6 28. a5 Bc4 29. Nh5 Rxb5 30. Rxb5 Bxb5 31. Nxg7 Rg8 32. Nh5 Bc6 33. Ng3 Qb7 34. Qh6 Ng6 35. Qg5 Qe7 36. Qxe7 Nxe7 37. a6 f5 38. Re1 Nd5 39. c4 Nb4 40. a7 f4 41. Nh5 Nd3 42. Re6 Rxg2+ 43. Kf1 Rxf2+ 44. Kg1 Rg2+ 45. Kf1 Rg8 46. Nf6 Rf8 47. Rxd6 Nb4 48. Nd5 Bxd5 49. cxd5 Kg7 50. Rb6 Nxd5 51. Rb8 Nc7 52. Rb7 Kf6 53. Rxc7 Ke5 54. Rb7 Kd5 55. Rb8 1-0

[Event "DSOL 2021"]
[Site "Germany"]
[Date "2021.02.03"]
[Round "2.2"]
[White "Zeldin, Leonid"]
[Black "Dittrich, Gunnar"]
[Result "1/2-1/2"]
[WhiteElo "1628"]
[BlackElo "1620"]
[Annotator "NA RC"]
[PlyCount "90"]
[EventDate "2021.01.18"]
[EventType "team-tourn"]
[EventCountry "GER"]
[SourceTitle "playchess.com"]
[Source "ChessBase"]
[SourceQuality "1"]

1. e4 d5 2. exd5 Qxd5 3. Nf3 Nf6 4. d4 c6 5. Be2 Bf5 6. O-O e6 7. c4 Qa5 8. Nc3 Nbd7 9. Bf4 Be7 10. a3 O-O 11. Qd2 Qd8 12. Rad1 Nb6 13. Ne5 Ne4 14. Nxe4 Bxe4 15. Qe3 Bg6 16. Rfe1 Bf6 17. Qb3 Bxe5 18. Bxe5 Qd7 19. a4 Rad8 20. a5 Nc8 21. Bf3 Ne7 22. h3 Qc8 23. Bg3 Rd7 24. d5 cxd5 25. cxd5 Nxd5 26. Bxd5 Rxd5 27. Rxd5 exd5 28. Qxd5 Rd8 29. Qb5 h6 30. Be5 Qd7 31. Qc5 a6 32. Bc3 Re8 33. Rxe8+ Qxe8 34. Qd5 Qe4 35. Qxe4 Bxe4 36. f3 Bc6 37. Kf2 f5 38. Ke3 Kf7 39. Kf4 g6 40. Ke5 Bb5 41. g3 Be2 42. f4 Bf1 43. h4 h5 44. Kd6 Bg2 45. b4 Bc6 1/2-1/2

[Event "DSOL 2021"]
[Site "Germany"]
[Date "2021.02.03"]
[Round "2.2"]
[White "Fucik, Timo"]
[Black "Stotyn, Fabian"]
[Result "1/2-1/2"]
[WhiteElo "1620"]
[BlackElo "1813"]
[Annotator "NA RC"]
[PlyCount "66"]
[EventDate "2021.01.18"]
[EventType "team-tourn"]
[EventCountry "GER"]
[SourceTitle "playchess.com"]
[Source "ChessBase"]
[SourceQuality "1"]

1. d4 d5 2. c4 e6 3. Nf3 Nf6 4. e3 dxc4 5. Bxc4 a6 6. O-O b5 7. Be2 Bb7 8. b3 Nbd7 9. Bb2 Be7 10. Nbd2 O-O 11. a4 c5 12. dxc5 b4 13. Rc1 Nxc5 14. Bxf6 gxf6 15. Nd4 Rc8 16. Bf3 Bd5 17. Qe2 f5 18. Rfd1 Qd7 19. Nc4 Bxf3 20. Qxf3 Qc7 21. Rc2 Ne4 22. Rdc1 Nc3 23. Ne2 Bf6 24. e4 Nxe4 25. Nd6 Qxc2 26. Rxc2 Rxc2 27. Nxe4 fxe4 28. Qxf6 Rxe2 29. Kf1 Rc2 30. Qg5+ Kh8 31. Qf6+ Kg8 32. Qg5+ Kh8 33. Qf6+ Kg8 1/2-1/2

[Event "DSOL 2021"]
[Site "Germany"]
[Date "2021.02.03"]
[Round "2.2"]
[White "Zipfel, Frank"]
[Black "Muedder, Rafael"]
[Result "0-1"]
[WhiteElo "1620"]
[BlackElo "1620"]
[Annotator "NA RC"]
[PlyCount "94"]
[EventDate "2021.01.18"]
[EventType "team-tourn"]
[EventCountry "GER"]
[SourceTitle "playchess.com"]
[Source "ChessBase"]
[SourceQuality "1"]

1. e4 c5 2. Nf3 Nc6 3. Nc3 e5 4. g3 d6 5. d3 Nf6 6. Bg2 Be7 7. O-O O-O 8. Nh4 Nd4 9. f4 Bg4 10. Qd2 exf4 11. gxf4 Nxe4 12. dxe4 Bxh4 13. f5 h6 14. Kh1 Re8 15. Nd5 Bf6 16. c3 Ne2 17. Qc2 Nxc1 18. Qxc1 Be2 19. Rg1 Bg5 20. Qc2 Bc4 21. Rad1 Re5 22. Bf1 Bxd5 23. Rxd5 Rxd5 24. exd5 Qf6 25. Qe4 Kf8 26. Bb5 a6 27. Bd7 Qe7 28. Qxe7+ Kxe7 29. Ba4 Kf6 30. Rf1 b5 31. Bd1 Re8 32. c4 bxc4 33. Kg2 Re5 34. Bf3 Bd2 35. Rf2 c3 36. bxc3 Bxc3 37. Rf1 Rxf5 38. Be4 Rxf1 39. Kxf1 Ke5 40. Bg2 Kd4 41. Ke2 f5 42. Bf3 g5 43. h3 Ba5 44. Bg2 c4 45. Kd1 h5 46. Bf3 g4 47. hxg4 hxg4 0-1

[Event "DSOL 2021"]
[Site "Germany"]
[Date "2021.02.03"]
[Round "2.2"]
[White "Schmid, Anton"]
[Black "Dittmann, Tobias"]
[Result "1-0"]
[WhiteElo "1559"]
[BlackElo "1620"]
[Annotator "NA RC"]
[PlyCount "63"]
[EventDate "2021.01.18"]
[EventType "team-tourn"]
[EventCountry "GER"]
[SourceTitle "playchess.com"]
[Source "ChessBase"]
[SourceQuality "1"]

1. d4 d5 2. c4 e6 3. Nf3 Nf6 4. g3 c6 5. Bg2 Nbd7 6. Qc2 Bd6 7. O-O O-O 8. Nc3 dxc4 9. e4 e5 10. Rd1 Qe7 11. Nh4 Nb6 12. dxe5 Bxe5 13. a4 Bg4 14. f3 Be6 15. a5 Nbd7 16. Kh1 Nc5 17. f4 Bc7 18. Be3 Nb3 19. Rab1 Bxa5 20. f5 Bd7 21. e5 Ng4 22. Bf4 Bb6 23. Rf1 Nxe5 24. Qe4 f6 25. Bxe5 Nd2 26. Qe2 Nxb1 27. Qxc4+ Kh8 28. Ng6+ hxg6 29. Qh4+ Kg8 30. fxg6 Rfe8 31. Qh7+ Kf8 32. Qh8# 1-0

[Event "DSOL 2021"]
[Site "Germany"]
[Date "2021.02.02"]
[Round "2.2"]
[White "Kornitzky, Tino"]
[Black "Werner, Clemens"]
[Result "1-0"]
[WhiteElo "1548"]
[BlackElo "2264"]
[Annotator "TA"]
[PlyCount "85"]
[EventDate "2021.01.18"]
[EventType "team-tourn"]
[EventCountry "GER"]
[SourceTitle "playchess.com"]
[Source "ChessBase"]
[SourceQuality "1"]

1. d4 d6 2. Nf3 Nf6 3. c4 g6 4. Nc3 Bg7 5. e4 O-O 6. Be2 e5 7. d5 Nh5 8. g3 a5 9. Be3 Na6 10. O-O f5 11. exf5 Bxf5 12. Ng5 Nf6 13. Bf3 Qe7 14. Re1 b6 15. Ne6 Rfe8 16. Nxg7 Qxg7 17. g4 Bc8 18. h3 Nc5 19. Bg2 g5 20. Qd2 h6 21. b3 Rf8 22. f3 Rf7 23. Ne2 Ncd7 24. Rf1 Nf8 25. h4 gxh4 26. Bxh6 Qg6 27. Bg5 Rg7 28. Bxh4 Bxg4 29. fxg4 Qxg4 30. Bg3 Nh5 31. Bf3 Qg6 32. Bxh5 Qxh5 33. Rf2 Nh7 34. Rh2 Qf3 35. Rf1 Ng5 36. Qc2 Qe3+ 37. Kg2 e4 38. Kh1 Nf3 39. Bf4 Nxh2 40. Bxe3 Nxf1 41. Qxe4 Rf8 42. Qe6+ Rff7 43. Bh6 1-0

[Event "DSOL 2021"]
[Site "Germany"]
[Date "2021.02.05"]
[Round "2.3"]
[White "Kollars, Dmitrij"]
[Black "Weber, Marc"]
[Result "1-0"]
[WhiteElo "2598"]
[BlackElo "1726"]
[Annotator "TA"]
[PlyCount "45"]
[EventDate "2021.01.18"]
[EventType "team-tourn"]
[EventCountry "GER"]
[SourceTitle "playchess.com"]
[Source "ChessBase"]
[SourceQuality "1"]
[WhiteTeam "SF Deizisau I"]
[BlackTeam "SV Walldorf I"]

1. e4 c6 2. d4 d5 3. e5 Bf5 4. h4 h5 5. Bd3 Bxd3 6. Qxd3 e6 7. Bg5 Qb6 8. Nd2 Qa6 9. c4 Ne7 10. Ngf3 Nd7 11. O-O Nf5 12. Rfc1 Be7 13. Bxe7 Nxe7 14. b4 dxc4 15. Nxc4 O-O 16. Ng5 g6 17. Ne4 Nf5 18. a4 Kg7 19. Rab1 Qxa4 20. Nc3 Qa6 21. Ra1 Nxe5 22. dxe5 Rfd8 23. Qf1 1-0

[Event "DSOL 2021"]
[Site "Germany"]
[Date "2021.02.04"]
[Round "2.3"]
[White "Goh, Wei Ming Kevin"]
[Black "Hillebrand, Philipp"]
[Result "1/2-1/2"]
[WhiteElo "2501"]
[BlackElo "1620"]
[Annotator "TA"]
[PlyCount "68"]
[EventDate "2021.01.18"]
[EventType "team-tourn"]
[EventCountry "GER"]
[SourceTitle "playchess.com"]
[Source "ChessBase"]
[SourceQuality "1"]

1. c4 e6 2. g3 Nf6 3. Bg2 c5 4. Nf3 d5 5. cxd5 Nxd5 6. O-O Nc6 7. Nc3 Be7 8. d3 O-O 9. Bd2 b6 10. a3 Bb7 11. Rc1 Rc8 12. Qa4 Qd7 13. Rfd1 Rfd8 14. Be1 h6 15. e3 Bf8 16. Ne2 Nd4 17. Qxd7 Nxe2+ 18. Kf1 Nxg3+ 19. hxg3 Rxd7 20. e4 Ne7 21. Ne5 Rdd8 22. Bc3 Nc6 23. Nxc6 Bxc6 24. e5 Bxg2+ 25. Kxg2 Rd5 26. Kf3 Rcd8 27. Ke2 b5 28. b3 Be7 29. a4 b4 30. Bb2 h5 31. Rc4 g6 32. Re4 a6 33. Bc1 R8d7 34. Be3 Bf8 1/2-1/2

[Event "DSOL 2021"]
[Site "Germany"]
[Date "2021.02.04"]
[Round "2.3"]
[White "Reuker, Jari"]
[Black "Litwak, Aleksej"]
[Result "1/2-1/2"]
[WhiteElo "2423"]
[BlackElo "2303"]
[Annotator "TA"]
[PlyCount "104"]
[EventDate "2021.01.18"]
[EventType "team-tourn"]
[EventCountry "GER"]
[SourceTitle "playchess.com"]
[Source "ChessBase"]
[SourceQuality "1"]

1. c4 e6 2. Nc3 d5 3. d4 c5 4. cxd5 exd5 5. Nf3 Nc6 6. dxc5 d4 7. Na4 Bxc5 8. Nxc5 Qa5+ 9. Bd2 Qxc5 10. Rc1 Qd6 11. e3 dxe3 12. Bxe3 Qxd1+ 13. Rxd1 Nge7 14. Bb5 O-O 15. Bc5 Re8 16. O-O Bg4 17. Rd3 a6 18. Ba4 b5 19. Bb3 Na5 20. Bxf7+ Kxf7 21. Ne5+ Kg8 22. Nxg4 Rac8 23. b4 Nc4 24. Ne3 Nxe3 25. Rxe3 Nc6 26. Rfe1 Rxe3 27. Rxe3 a5 28. a3 Rd8 29. Kf1 axb4 30. axb4 Rd1+ 31. Re1 Rxe1+ 32. Kxe1 Kf7 33. Ke2 Ke6 34. Kd3 Kd5 35. f4 Nd8 36. g4 Ne6 37. Be3 g6 38. Bd2 Nd4 39. h3 Ne6 40. f5 gxf5 41. gxf5 Nd4 42. f6 Nf3 43. Bc3 Ke6 44. Ke3 Ng5 45. h4 Nf7 46. Kf4 Nd6 47. Bb2 Nc4 48. Bd4 Nd6 49. Kg5 Nf7+ 50. Kf4 Nd6 51. Bc3 Nf7 52. Bd4 Nd6 1/2-1/2

[Event "DSOL 2021"]
[Site "Germany"]
[Date "2021.02.04"]
[Round "2.3"]
[White "Meister, Jakob"]
[Black "Lundin, Jan"]
[Result "1/2-1/2"]
[WhiteElo "2416"]
[BlackElo "2326"]
[Annotator "TA"]
[PlyCount "110"]
[EventDate "2021.01.18"]
[EventType "team-tourn"]
[EventCountry "GER"]
[SourceTitle "playchess.com"]
[Source "ChessBase"]
[SourceQuality "1"]

1. c4 e5 2. Nc3 Nc6 3. e3 f5 4. d4 Nf6 5. d5 Nb8 6. Nf3 d6 7. Qc2 Na6 8. a3 c6 9. b4 cxd5 10. cxd5 Bd7 11. Bb2 Rc8 12. Qb3 Qb6 13. Nd2 Be7 14. Be2 O-O 15. Nc4 Qd8 16. Nxe5 dxe5 17. d6+ Kh8 18. dxe7 Qxe7 19. O-O Be6 20. Qa4 Bc4 21. Rfc1 Bxe2 22. Nxe2 Ne4 23. Qb5 Rce8 24. Rd1 Nb8 25. f3 Nf6 26. Rac1 Nc6 27. Qc5 Qf7 28. b5 Na5 29. Qc7 Qb3 30. Qxa5 Qxe3+ 31. Kh1 Qxe2 32. Qb4 e4 33. Re1 Qf2 34. Rf1 Qb6 35. Bd4 Qe6 36. fxe4 Nxe4 37. Rc7 Rf7 38. Rxf7 Qxf7 39. Bxa7 Qh5 40. Kg1 Qg5 41. Re1 h6 42. Bd4 Kh7 43. a4 Re6 44. a5 Rg6 45. Qb2 Nd2 46. Re2 Nf3+ 47. Kh1 Nxd4 48. Qxd4 Rd6 49. Qg1 Qg4 50. Qf1 Rd5 51. Re1 Qa4 52. a6 bxa6 53. bxa6 Ra5 54. h3 Rxa6 55. Qxf5+ Rg6 1/2-1/2

[Event "DSOL 2021"]
[Site "Germany"]
[Date "2021.02.02"]
[Round "2.3"]
[White "Braun, Christian"]
[Black "Loewe, Lennard"]
[Result "1-0"]
[WhiteElo "2409"]
[BlackElo "2207"]
[Annotator "TA"]
[PlyCount "77"]
[EventDate "2021.01.18"]
[EventType "team-tourn"]
[EventCountry "GER"]
[SourceTitle "playchess.com"]
[Source "ChessBase"]
[SourceQuality "1"]

1. d4 Nf6 2. c4 c5 3. d5 e6 4. Nc3 exd5 5. cxd5 d6 6. e4 g6 7. f4 Bg7 8. Bb5+ Nfd7 9. Be2 O-O 10. Nf3 Na6 11. O-O Nc7 12. Bd2 Re8 13. Qc2 Nf6 14. Be1 Bg4 15. Bh4 Qd7 16. Rad1 Nh5 17. f5 Nf4 18. h3 Nxe2+ 19. Nxe2 Bxf3 20. Rxf3 Be5 21. Rdf1 Nb5 22. Kh1 Rac8 23. Qd2 Kg7 24. f6+ Kh8 25. Qh6 Rg8 26. Bg3 Nd4 27. Nxd4 cxd4 28. Bxe5 dxe5 29. Rg3 Qb5 30. Rg1 Qb6 31. Qg5 Rge8 32. Rg4 Kg8 33. Rh4 Rc2 34. Rf1 Qa6 35. Rf3 Qe2 36. Rg4 Kh8 37. Qh6 Qe1+ 38. Kh2 Rg8 39. Rh4 1-0